Tenants' deposits (Record no. 62994)
[ view plain ]
| 000 -LEADER | |
|---|---|
| fixed length control field | 00938cam a2200241 4500 |
| 001 - CONTROL NUMBER | |
| control field | WB3613-29 |
| 008 - FIXED-LENGTH DATA ELEMENTS--GENERAL INFORMATION | |
| fixed length control field | 000000n2000 000 0 eng u |
| 035 ## - SYSTEM CONTROL NUMBER | |
| System control number | (Sirsi) u105046 |
| 245 ## - TITLE STATEMENT | |
| Title | Tenants' deposits |
| 260 ## - PUBLICATION, DISTRIBUTION, ETC. | |
| Date of publication, distribution, etc. | 2000 |
| 490 ## - SERIES STATEMENT | |
| Series statement | Sunday Telegraph |
| Volume/sequential designation | 26 March 2000, B11 |
| 490 ## - SERIES STATEMENT | |
| Series statement | DETR News Release |
| Volume/sequential designation | (212) 28 March 2000 (5) |
| 520 ## - SUMMARY, ETC. | |
| Summary, etc. | A government -sponsored pilot scheme is aiming to resolve disputes between tenants and landlords who refuse to return rental deposits at the end of a tenancy. The scheme will last two years and requires participating landlords to pay tenants deposits into a central account or take out insurance. |
| 590 ## - LOCAL NOTE (RLIN) | |
| Local note | WB |
| 650 ## - SUBJECT ADDED ENTRY--TOPICAL TERM | |
| Topical term or geographic name entry element | PRIVATE RENTED SECTOR |
| 650 ## - SUBJECT ADDED ENTRY--TOPICAL TERM | |
| Topical term or geographic name entry element | DEPOSITS |
| 650 ## - SUBJECT ADDED ENTRY--TOPICAL TERM | |
| Topical term or geographic name entry element | LANDLORDS |
| 650 ## - SUBJECT ADDED ENTRY--TOPICAL TERM | |
| Topical term or geographic name entry element | TENANTS |
| 650 ## - SUBJECT ADDED ENTRY--TOPICAL TERM | |
| Topical term or geographic name entry element | NATIONAL FEDERATION OF RESIDENTIAL LANDLORDS |
| 650 ## - SUBJECT ADDED ENTRY--TOPICAL TERM | |
| Topical term or geographic name entry element | WITHHOLDING |
| 690 ## - LOCAL SUBJECT ADDED ENTRY--TOPICAL TERM (OCLC, RLIN) | |
| Topical term or geographic name as entry element | PROPERTY MANAGEMENT-RESIDENTIAL PROPERTY |
| 942 ## - ADDED ENTRY ELEMENTS (KOHA) | |
| Suppress in OPAC | 0 |
| Withdrawn status | Lost status | Source of classification or shelving scheme | Damaged status | Not for loan | Home library | Current library | Shelving location | Date acquired | Total Checkouts | Full call number | Barcode | Date last seen | Copy number | Price effective from | Koha item type |
|---|---|---|---|---|---|---|---|---|---|---|---|---|---|---|---|
| Dewey Decimal Classification | London | London | News article | 28/03/2000 | WB3613-29 | 105046-1001 | 06/08/2019 | 1 | 06/08/2019 | News article |